000 00554nam a22002057a 4500
999 _c5490
_d5490
008 150911b xxu||||| |||| 00| 0 eng d
020 _a100321528840
050 _aQA 154.3 .L56 2009
100 _aLial,Margaret L.
_d2009
245 _aPrecalculus /
_cMargaret L.Lial,John Hornsby,Callie J. Daniels & David I. Schneider
250 _a4th ed.
260 _aBoston :
_bPearson,
_c2009.
300 _axix,1094[139]p. :
_bill. ;
_c26cm.
500 _ainclude index.
650 _aAlgebra.
650 _aTrigonomentry.
700 _aHornsby,John.
700 _aSchneider,David I.
700 _aDaniels,Callie.
942 _2lcc
_cBOOKS
_02
_hQA 154.3 .L56 2009